Pogoda - j. włoski - Statystyki

Ogólne statystyki
  • Ten quiz został rozwiązany 93 razy
  • Średni wynik to 9 z 23
Statystyki odpowiedzi
po polsku po włosku % Poprawnych
wiosna primavera
92%
gorąco caldo
75%
lato estate
75%
zima inverno
73%
jesień autunno
65%
zimno freddo
65%
jest gorąco fa caldo
58%
jest zimno fa freddo
58%
pada deszcz piove
54%
niebo cielo
50%
chmura nuvola
42%
pada śnieg nevica
40%
pory roku stagioni
40%
jest słonecznie c'é il sole
27%
tęcza arcobaleno
25%
jest pochmurno é nuvoloso
21%
jest wilgotno é umido
13%
dobra pogoda bel tempo
8%
jest wietrznie c'é vento
8%
zła pogoda maltempo
8%
jaka jest temperatura? che temperatura c'é
6%
są 24 stopnie ci sono ventiquattro gradi
4%
jaka jest pogoda com'é il tempo
4%
Nie znaleziono quizów pasujących do podanych kryteriów
Rozkład punktacji
Procent ludzi z każdym wynikiem
Percentyl według liczby udzielonych odpowiedzi
Twoja historia wyników
Nie rozwiązałeś tego quizu